Other people's trades / (Record no. 2037)
[ view plain ]
| 000 -LEADER | |
|---|---|
| fixed length control field | 00585cam a2200193 4500 |
| 001 - CONTROL NUMBER | |
| control field | 2563 |
| 005 - DATE AND TIME OF LATEST TRANSACTION | |
| control field | 20181127165306.0 |
| 008 - FIXED-LENGTH DATA ELEMENTS--GENERAL INFORMATION | |
| fixed length control field | 861008s1989 nyu 000 0 eng |
| 010 ## - LIBRARY OF CONGRESS CONTROL NUMBER | |
| LC control number | 86023097 |
| 020 ## - INTERNATIONAL STANDARD BOOK NUMBER | |
| International Standard Book Number | 0671611496 |
| 041 1# - LANGUAGE CODE | |
| Language code of text/sound track or separate title | engita |
| 100 1# - MAIN ENTRY--PERSONAL NAME | |
| Personal name | Levi, Primo. |
| 240 10 - UNIFORM TITLE | |
| Uniform title | Altrui mestiere. |
| Language of a work | English |
| 245 10 - TITLE STATEMENT | |
| Title | Other people's trades / |
| Statement of responsibility, etc. | Primo Levi ; translated by Raymond Rosenthal. |
| 260 ## - PUBLICATION, DISTRIBUTION, ETC. | |
| Place of publication, distribution, etc. | New York : |
| Name of publisher, distributor, etc. | Summit Books, |
| Date of publication, distribution, etc. | c1989. |
| 300 ## - PHYSICAL DESCRIPTION | |
| Extent | 222 p. ; |
| Dimensions | 23 cm. |
| 500 ## - GENERAL NOTE | |
| General note | Translation of: L'altrui mestiere. |
| 650 ## - SUBJECT ADDED ENTRY--TOPICAL TERM | |
| Topical term or geographic name entry element | Levi, Primo --Knowledge and learning. |
| Form subdivision | |
| General subdivision | |
| Chronological subdivision | |
| Geographic subdivision | |
| Source of heading or term | |
| Withdrawn status | Lost status | Source of classification or shelving scheme | Damaged status | Not for loan | Collection code | Home library | Current library | Shelving location | Serial Enumeration / chronology | Inventory number | Total Checkouts | Full call number | Barcode | Date last seen | Price effective from | Koha item type |
|---|---|---|---|---|---|---|---|---|---|---|---|---|---|---|---|---|
| Dewey Decimal Classification | Main TEST | RTC Library | RTC Library | Main opac | 456 | 853.9 LEV | 30002196 | 27/11/2018 | 27/11/2018 | Main |